000 00924nam0a22002531 4500
001 rc\2761274
005 20250529152430.0
035 _a(NLR Aleph) 006887905
090 _a7115653
_c7115653
100 _a20110915d1940 |||y0rusy50 ca
101 0 _arus
102 _aRU
105 _aabc z |||c|
200 1 _aРыбный Мурман
_e[Очерк о создании рыб. пром-сти в Заполярье]
_fБ. Москаленко, В. Ковалев
210 _aМосква
_aЛенинград
_cПищепромиздат
_d1940
_eМосква
215 _a136 с., 8 вкл. л. ил., портр.
_cил., карт.
_d17 см.
700 1 _aМоскаленко
_bБ.К.
_f1902-
_gБорис Константинович
701 1 _aКовалев
_bВ.
801 0 _aRU
_bNLR
_gpsbo
801 1 _aRU
_bELAR
_2rusmarc
852 _aNLR
_jМ5Р-I-241
852 _aNLR
_jЭ50 В-3/1
942 _cBOOK
980 _aNB